<?xml version="1.0" encoding="UTF-8"?>
<record
    xmlns:xsi="http://www.w3.org/2001/XMLSchema-instance"
    xsi:schemaLocation="http://www.loc.gov/MARC21/slim http://www.loc.gov/standards/marcxml/schema/MARC21slim.xsd"
    xmlns="http://www.loc.gov/MARC21/slim">

  <leader>02312nam a2200325 u 4500</leader>
  <controlfield tag="001">1522897</controlfield>
  <controlfield tag="005">20260508093457.0</controlfield>
  <controlfield tag="007">co|||||||</controlfield>
  <controlfield tag="008">190402s2016                        spa  </controlfield>
  <datafield tag="035" ind1=" " ind2=" ">
    <subfield code="a">1522897</subfield>
  </datafield>
  <datafield tag="040" ind1=" " ind2=" ">
    <subfield code="c">comduadb</subfield>
  </datafield>
  <datafield tag="041" ind1=" " ind2=" ">
    <subfield code="a">spa</subfield>
  </datafield>
  <datafield tag="080" ind1=" " ind2=" ">
    <subfield code="a">WE</subfield>
  </datafield>
  <datafield tag="100" ind1="1" ind2="0">
    <subfield code="a">Casta&#xF1;o Gonzalez, Alonso</subfield>
    <subfield code="4">aut</subfield>
    <subfield code="e">aut</subfield>
    <subfield code="9">780700</subfield>
  </datafield>
  <datafield tag="245" ind1="1" ind2="0">
    <subfield code="a">Funcionamiento y estado de salud en una poblaci&#xF3;n de amputados de miembro inferior en Medell&#xED;n, Colombia</subfield>
  </datafield>
  <datafield tag="260" ind1=" " ind2=" ">
    <subfield code="a">Medell&#xED;n :</subfield>
    <subfield code="b">Autor(a),</subfield>
    <subfield code="c">2016.</subfield>
  </datafield>
  <datafield tag="300" ind1=" " ind2=" ">
    <subfield code="a">CD-ROM</subfield>
  </datafield>
  <datafield tag="520" ind1="3" ind2=" ">
    <subfield code="a">Objetivo General: Establecer una medida del funcionamiento y el estado de salud percibido entre amputados de miembro inferior. Metodolog&#xED;a: Estudio de corte transversal para evaluar el funcionamiento con el WHO-DAS II y el estado de salud con el EQ-5D. Resultados: Se entrevistaron 154 pacientes, se observaron peores puntajes en el dominio de movilidad, media 21.66 +/-17.61 en amputados sobre la rodilla, media de 25.77 +/-22.89 bajo rodilla. No se encontraron diferencias estad&#xED;sticamente significativas por nivel de amputaci&#xF3;n o etiolog&#xED;a pero en aquellos pacientes cuyo tiempo transcurrido desde la amputaci&#xF3;n era menor o igual a 5 a&#xF1;os, la media en el dominio de movilidad fue superior al resto de los grupos (30.8; +/- 26.12) con diferencias estad&#xED;sticamente significativas entre los grupos; P=0,023. En el EQ 5D la mediana de los &#xED;ndices ponderados de calidad de vida en pacientes cuyo tiempo desde la cirug&#xED;a era de 5 a&#xF1;os o menos fue de 0.82 con diferencias estad&#xED;sticamente significativas con aquellos que llevaban m&#xE1;s tiempo desde la amputaci&#xF3;n (P 0,004). Conclusi&#xF3;n: El nivel de funcionamiento y la calidad de vida parecen estar m&#xE1;s asociados con el tiempo transcurrido desde la amputaci&#xF3;n que con el nivel de amputaci&#xF3;n o la etiolog&#xED;a de la misma.</subfield>
  </datafield>
  <datafield tag="650" ind1=" " ind2=" ">
    <subfield code="a">Calidad de vida en salud</subfield>
    <subfield code="9">104640</subfield>
  </datafield>
  <datafield tag="650" ind1=" " ind2=" ">
    <subfield code="a">Amputados</subfield>
    <subfield code="9">62945</subfield>
  </datafield>
  <datafield tag="650" ind1=" " ind2="7">
    <subfield code="a">Extremidad inferior</subfield>
    <subfield code="2">dcs</subfield>
    <subfield code="9">125939</subfield>
  </datafield>
  <datafield tag="650" ind1=" " ind2="7">
    <subfield code="a">Estado de salud</subfield>
    <subfield code="2">dcs</subfield>
    <subfield code="9">15822</subfield>
  </datafield>
  <datafield tag="700" ind1="1" ind2="0">
    <subfield code="a">Lugo Agudelo, Luz Helena</subfield>
    <subfield code="4">ths</subfield>
    <subfield code="e">ths</subfield>
    <subfield code="9">238387</subfield>
  </datafield>
  <datafield tag="700" ind1="1" ind2="0">
    <subfield code="a">Ceballos Gonz&#xE1;lez, Mateo</subfield>
    <subfield code="4">ths</subfield>
    <subfield code="e">ths</subfield>
    <subfield code="9">609596</subfield>
  </datafield>
  <datafield tag="700" ind1="1" ind2="0">
    <subfield code="a">Vera Giraldo, Claudia Yaneth</subfield>
    <subfield code="4">ths</subfield>
    <subfield code="e">ths</subfield>
    <subfield code="9">568323</subfield>
  </datafield>
  <datafield tag="856" ind1="4" ind2=" ">
    <subfield code="u">http://bibliotecadigital.udea.edu.co/handle/10495/12882</subfield>
  </datafield>
  <datafield tag="942" ind1=" " ind2=" ">
    <subfield code="c">TESIS</subfield>
  </datafield>
  <datafield tag="999" ind1=" " ind2=" ">
    <subfield code="c">799094</subfield>
    <subfield code="d">799094</subfield>
  </datafield>
  <datafield tag="502" ind1=" " ind2=" ">
    <subfield code="b">225</subfield>
    <subfield code="c">18</subfield>
  </datafield>
  <datafield tag="526" ind1=" " ind2=" ">
    <subfield code="a">227</subfield>
  </datafield>
  <datafield tag="952" ind1=" " ind2=" ">
    <subfield code="0">0</subfield>
    <subfield code="1">0</subfield>
    <subfield code="4">0</subfield>
    <subfield code="7">0</subfield>
    <subfield code="8">AUDIOVISUA</subfield>
    <subfield code="a">BM</subfield>
    <subfield code="b">BM</subfield>
    <subfield code="d">2019-04-02</subfield>
    <subfield code="e">Material adquirido por donaci&#xF3;n</subfield>
    <subfield code="i">C1311872</subfield>
    <subfield code="l">0</subfield>
    <subfield code="o">WE170 C3-16 CD-ROM</subfield>
    <subfield code="p">93493</subfield>
    <subfield code="r">2023-05-04 00:00:00</subfield>
    <subfield code="t">1</subfield>
    <subfield code="w">2023-05-04</subfield>
    <subfield code="y">DIGITAL</subfield>
  </datafield>
</record>
